000 00523nam a2200205 a 4500
005 20210219152939.0
008 991125n 000 0 spa u
035 _aUPN01000068232
100 _aSKOROJODOVA, Olga Ivanova
222 _aEL CORREO DE LA UNESCO
245 _aComo veo con mis manos
300 _a12-13
362 _a1981 Vol. 34, no. 1, ene.
653 0 _aCIEGOS -
_xEDUCACION
653 0 _aDISCAPACITADOS
653 0 _aMINUSVALIDOS
653 0 _aSORDOS
904 _aAC
_b006043
905 _aArticulo
999 _c64433
_d64433